Geostratégia Ukrajiny - analýza predpokladov vstupu

Spolupráca Ukrajiny a NATO. Rozvoj vzťahov osobitného partnerstva Ukrajina - NATO. Rozvoj praktickej spolupráce medzi Ukrajinou a NATO - otvorenie Centra informácií a dokumentácií NATO na Ukrajine v roku 1997 v Kyjeve, a v roku 1999 Office komunikácií NATO. NATO zatiaľ nezaujalo jednotné stanovisko...

Descrizione completa

Salvato in:
Dettagli Bibliografici
Autore principale: Zacharčenko, Dimitrij
Natura: Capitolo di libro
Lingua:slovacco
Soggetti:
Tags: Aggiungi Tag
Nessun Tag, puoi essere il primo ad aggiungerne!!

MARC

LEADER 00000naa$a2200000$$$4500
001 0034662
005 20240502071445.1
041 0 |a slo 
044 |a SK 
245 1 0 |a Geostratégia Ukrajiny - analýza predpokladov vstupu  |c Dimitrij Zacharčenko 
520 |a Spolupráca Ukrajiny a NATO. Rozvoj vzťahov osobitného partnerstva Ukrajina - NATO. Rozvoj praktickej spolupráce medzi Ukrajinou a NATO - otvorenie Centra informácií a dokumentácií NATO na Ukrajine v roku 1997 v Kyjeve, a v roku 1999 Office komunikácií NATO. NATO zatiaľ nezaujalo jednotné stanovisko vo vzťahu k Ukrajine. 
610 2 0 |a spolupráca medzinárodná 
610 2 0 |a vzťahy politické medzinárodné 
610 2 0 |a Ukrajina 
610 2 0 |a NATO 
100 1 |a Zacharčenko, Dimitrij